Statistiques concernant Naruto - Groupes

Cliquez ici pour prendre le quiz!

Statistiques générales

  • Ce quiz a été pris 146 fois
  • Le résultat moyen est 38 sur 79

Statistiques - réponses

GroupesRéponses% Correct
HôtesNaruto Uzumaki
95%
ÉpéistesKisame Hoshigaki
94%
AtKisame Hoshigaki
94%
AnKisame Hoshigaki
94%
AnItachi Uchiwa
93%
DémonsKyûbi | Kurama
90%
AnNagato | Pain
90%
HôtesObito Uchiwa | Tobi
88%
AtTobi | Obito Uchiwa
88%
AnHidan
87%
AnDeidara
83%
AyKonan
83%
AnKonan
83%
HôtesGaara
79%
AnSasori
79%
ÉpéistesZabuza Momochi
79%
AyNagato
77%
AtSasuke Uchiwa
75%
DémonsIchibi | Shukaku
74%
AnZetsu
74%
AtZetsu
74%
HôtesMadara Uchiwa
73%
DémonsNibi | Matatabi
73%
AyYahiko
73%
DémonsYonbi | Son Gokû
71%
HôtesKiller B
69%
HôtesKushina Uzumaki
69%
AnOrochimaru
68%
DémonsJubi
63%
DémonsSanbi | Isobu
63%
AtSuigetsu Hôzuki
63%
ÉpéistesSuigetsu Hôzuki
63%
DémonsHachibi | Gyûki
61%
Hôtes
58%
AtKarin
58%
AnTobi
58%
HôtesUtakata
57%
HôtesHan
56%
AtJûgo
55%
DémonsRokubi | Saiken
55%
HôtesMito Uzumaki
54%
DémonsNanabi | Chômei
51%
DémonsGobi | Kokuô
48%
HôtesYagura
48%
HôtesRin Nohara
46%
ÉpéesSamehada
46%
HôtesMinato Namikaze
43%
HôtesRôshi
39%
AyKie
38%
HôtesYugito Nii
37%
AnKakusu
32%
ÉpéistesMangetsu Hôzuki
31%
AnJûzô Biwa
26%
ÉpéistesJûzô Biwa
26%
ÉpéistesChôjûrô
25%
HôtesHagoromo Ôtsutsuki
25%
ÉpéistesAmeryuri Ringo
18%
ÉpéistesJinpachi Munashi
17%
ÉpéistesRaïga Kurosuki
13%
ÉpéistesFuguki Suikazan
12%
ÉpéistesJinin Akebino
12%
ÉpéistesKushimaru Kuriare
12%
ÉpéesKubikiribôchô
10%
HôtesBunpuku
8%
ÉpéesHiramekarei
8%
ÉpéesKiba
8%
HôtesFukaï
6%
ÉpéesKabutowari
5%
ÉpéistesKagura Karatchi
5%
ÉpéesNuibari
5%
ÉpéistesHebiichigo
4%
ÉpéistesKyohô Fuefuki
4%
ÉpéesShibuki
4%
ÉpéistesButan Kurosuki
2%
AyDaibutsu
2%
ÉpéistesHassaku Onomichi
2%
AyKyûsuke
2%
ÉpéistesShizuma Hoshigaki
2%
ÉpéistesIchorôta Oniyuzu
1%

Distribution des résultats

Percentile par nombre de réponses

% des personnes avec chaque résultat

Votre développement - résultats

Vous n’avez pas pris ce quiz